| 000 | 01192nam a22001937a 4500 | ||
|---|---|---|---|
| 003 | OSt | ||
| 005 | 20260410104321.0 | ||
| 008 | 260410b |||||||| |||| 00| 0 eng d | ||
| 082 |
_29780399154232 _a9780399154232 _b9780399154232 |
||
| 100 | _a Robin Cook | ||
| 245 | _aCritical | ||
| 250 | _a1edicion | ||
| 260 |
_aNueva York _bG.P. Putnam's Sons _c 2007 |
||
| 300 |
_a464 pág _c16x23 |
||
| 490 | _3Cartón prensado rígido | ||
| 520 | _aLa doctora Laurie Montgomery investiga una serie de muertes extrañas por infecciones de estafilococo. Los fallecimientos ocurren en hospitales privados pertenecientes a una misma corporación médica. A medida que Laurie profundiza, descubre una conspiración que prioriza las ganancias sobre la vida. Su esposo, el patólogo Jack Stapleton, también se ve involucrado mientras lidia con problemas personales. La trama expone el peligro de las bacterias resistentes a los antibióticos en entornos clínicos. Intereses financieros intentan ocultar el brote para no dañar sus acciones en la bolsa. La investigación se convierte en una carrera contra el tiempo antes de que Laurie sea silenciada. | ||
| 700 | _a Robin Cook | ||
| 942 |
_2ddc _cBK _n0 |
||
| 999 |
_c2062 _d2062 |
||